00570nam a2200193 a 450000100060000000300080000600500170001400800410003103500190007204000370009104100080012808200260013610000170016224500580017926000470023730000330028450400200031765100390033743003BD-RjUL20211209053629.0160618s1965 enka||| 001 0 eng d a(BD-RjUL)43121 aDLCcBUFdUKMdEQOdBD-RjULbeng aeng a330.941223bDES 19651 aDerry, T. K.12aA short economic history of Britain /cby T. K. Derry aLondon :bOxford University Press,cc1965. axi, 267 p. :bill. ;c23 cm. aIncludes index. 0aGreat BritainxEconomic conditions